00422nam a22001577a 450000500170000001000130001702000260003003500130005603700090006908200080007810000190008624500880010526000300019330000200022370000210024320250110150742.0 aB-761664 a9789358704204c525.00 aB-761664 bGift a510 aAggarwal, R.S. aS. Chands's New Composite Mathematics ;bClass 3/cR.S. Aggarwal and Vikas Aggarwal aNew DelhibS. Chandc2024 a292p.c28cm(pb) aAggarwal, Vikas